000 00312nam a2200121Ia 4500
008 190216s9999||||xx |||||||||||||| ||und||
100 _aJoseph Ittyavirah And Abraham M S
245 0 _aProperties Of Matter And Thermal Physics
260 _bArasmi Pub
_c1989
300 _a292p
650 _aPhysics
942 _cBK
999 _c33286
_d33286